| 000 | 01654nam a22004217a 4500 | ||
|---|---|---|---|
| 003 | CHAP | ||
| 005 | 20220329140744.0 | ||
| 008 | 971013s1969 r 10010 d | ||
| 010 | _a57145 | ||
| 011 | _a58117 | ||
| 035 | _a62272 | ||
| 040 | _cCHAP | ||
| 082 |
_a635.9 _bS95 |
||
| 111 | 0 | 0 |
_aSymposium on Flower Regulation in Florist Crops. ( _d1968 _c: Vollebekk) _9110997 |
| 245 | _aProceedings | ||
| 260 |
_aThe Hague : _bInternational Society for Horticultural Science, _c1969 |
||
| 300 |
_a259 p. _b: ilus. ; gráfs. |
||
| 490 |
_aActa Horticulturae _v; 14 |
||
| 590 |
_aBATCH-UPD _b10 _c20130110 _lUCH01 _h0521 |
||
| 590 |
_aBATCH-UPD _b10 _c20130410 _lUCH01 _h0200 |
||
| 590 |
_aBATCH-UPD _b10 _c20130913 _lUCH01 _h1918 |
||
| 590 |
_aCONVERSION _b10 _c20130109 _lUCH01 _h1331 |
||
| 650 | 1 | 4 |
_aFlores _xFisiología y morfología. _941379 |
| 650 | 1 | 4 |
_aFloricultura. _941822 |
| 650 | 1 | 4 |
_aPlantas _xCrecimiento _xAditivos. _988804 |
| 650 | 1 | 4 |
_aPlantas _xFloración. _988841 |
| 700 | 0 |
_aStromme, E. _9110014 |
|
| 830 | 0 |
_aActa Horticulturae _v; 14 _9739 |
|
| 852 | 2 | _yISSUE | |
| 901 | _aBK | ||
| 942 | _cLIBRO | ||
| 949 |
_a635.9 S95 _bBC _cLIBRO _d33724000253753 _eLIBRO _fc.2 _h56149 _i62272 _si _t432.00 |
||
| 949 |
_a635.9 S95 _bBC _cLIBRO _d33724000253761 _eLIBRO _fc.3 _h58971 _i62272 _si _t432.00 |
||
| 949 |
_a635.9 S95 _bBC _cLIBRO _d33724000253779 _eLIBRO _fc.4 _h58972 _i62272 _si _t432.00 |
||
| 949 |
_a635.9 S95 _bBC _cLIBRO _d33724000253787 _eLIBRO _fc.5 _h58973 _i62272 _si _t432.00 |
||
| 949 |
_a635.9 S95 _bBC _cLIBRO _d33724000253803 _eLIBRO _fc.6 _h56150 _i62272 _si _t432.00 |
||
| 949 |
_bBC _cPS _d-133484 _ePS _i62272 _si _t432.00 |
||
| 999 |
_c57145 _d57145 |
||